| 000 | 00875nam a22002177a 4500 | ||
|---|---|---|---|
| 999 |
_c165502 _d165502 |
||
| 005 | 20190620130334.0 | ||
| 010 | _aB-728385 | ||
| 020 |
_a9781138038318 _c1495.00 |
||
| 035 | _aB-728385 | ||
| 037 |
_bR.K.Books _adpl |
||
| 082 | _a324.954053 | ||
| 245 |
_aElectoral politics in India : _bthe resurgence of the Bharatiya Janata Party / _cedited by Suhas Palshikar, Sanjay kumar [and] Sanjay Lodha |
||
| 260 |
_aLondon _bRoutledge _c2019 |
||
| 270 |
_a2, Park square, Milton park, Abingdon _bOxon _eOX144RN |
||
| 300 |
_axxiv,311p.: _c22cm(Hb) _bill |
||
| 700 | _aPalshikar, Suhas | ||
| 700 | _aSanjay Kumar | ||
| 700 | _aLodha, Sanay | ||
| 942 |
_2ddc _cEN _mELE _h324.954053 |
||